000 01229cam a2200289 i 4500
999 _c1747
_d1747
001 (Sirsi) a1039336
003 OSt
005 20230125151853.0
008 190304s2017 enk c 000 1 eng d
020 _a9781405287173
_q(paperback) :
040 _aCHA
_beng
_cTAE
_erda
_dKH8
042 _anbic
082 0 _a813.6 WYA
100 1 _aWyatt, Kimberly,
_eauthor.
245 1 0 _aBillie's big audition /
_cKimberly Wyatt.
264 1 _aLondon :
_bEgmont,
_c2017.
300 _a214 pages ;
_c20 cm.
336 _atext
_btxt
_2rdacontent.
337 _aunmediated
_bn
_2rdamedia.
338 _avolume
_bnc
_2rdacarrier.
490 0 _aWorld Elite dance academy ;
_v[1]
520 _aBillie has dreamed of being a ballet dancer for as long as she can remember. Now she has an audition at WEDA - a world-famous contemporary dance school run by the inspirational Miss Murphy, whose motto is 'Never Say I Can't'. But will Billie be able to get over her nerves and win a place at her dream school? Join Billie and her new friends on a fierce, empowering and sometimes scary journey to dance stardom.
521 1 _aAges 9-12.
650 0 _aDance
_xJuvenile fiction.
650 0 _aDance schools
_xJuvenile fiction.
942 _2ddc
_cNFIC